000 00297nam a22001337a 4500
999 _c12022
_d12022
020 _a978-8182746381
082 _a956.70
100 _aRahul Singbal
245 _aFrom Saint to Killer Saddam Hussein
260 _aIndia
_bPentagon
_c2004
300 _a156
650 _aHistory
942 _cBK